Histoire de saint Ignace de Loyola et de l'origine de la Compagnie de Jésus, d'après les monumens originaux

Detalles Bibliográficos
Autor principal: Bartoli, Daniello 1608-1685
Formato: Libro
Lenguaje:French
Publicado: a Paris 1845
Edición:Deuxième édition
Materias:
Colección:Banco de datos
Acervo:Biblioteca de la Congregación del Oratorio de San Felipe Neri de México. Iglesia La Profesa
Descripción Física:2 t. 17 cm.
Tema general:Hagiografía
Jesuitas
Notas:Encuadernación en cartón con lomo en piel. Sello en tinta del Oratorio de San Felipe Neri de México. Biblioteca La Profesa, D.F. Daños en la encuadernación
LEADER 01108nam a22002170004500
035 |a 1060 
041 0 |a fre 
100 1 |a Bartoli, Daniello  |d 1608-1685 
245 1 0 |a Histoire de saint Ignace de Loyola et de l'origine de la Compagnie de Jésus, d'après les monumens originaux  |c par le R. P. Daniel Bartoli, Jésuite, traduite de l'italien & augmentée de nouveaux documents. A. M. D. G. 
250 |a Deuxième édition 
260 |a a Paris  |b A. Vaton, lib.-édit.; a Versailles  |b Dufaure, lib.-édit. ; a Bruxelles  |b chez Mme. Ve. Vanderborght, libraire  |c 1845 
300 |a 2 t.  |c 17 cm. 
500 |a Encuadernación en cartón con lomo en piel. Sello en tinta del Oratorio de San Felipe Neri de México. Biblioteca La Profesa, D.F. Daños en la encuadernación 
504 |a Índice de materias 
600 1 4 |a Ignacio de Loyola, santo, 1491-1556-Biografías 
650 1 0 |a Hagiografía 
650 1 0 |a Jesuitas 
949 |a Iglesia La Profesa, Biblioteca t. 1 (1424) 
942 |c PROFESA 
943 |g Biblioteca de la Congregación del Oratorio de San Felipe Neri de México. Iglesia La Profesa 
999 |c 947871  |d 947871